00710nam a2200121I 4500040000800000082002700008100001800035245022500053260014300278300002400421500011800445650002500563 cVTU a 634 ISR 1965 A040 Or.10aKroth, Werner10aSystems of forest taxation and tax impact upon private forestry in several European countries.b(Die systeme der Waldbesteuerung und die steuerliche Belastung privater Forstbetriebe in einigen europ©Žischen L©Žndern)0 aJerusalem,bIsrael Program for Scientific Translations; [available from the Office of Technical Services, U.S. Dept. of Commerce]c1963-65 a2 v.billus.c25 cm a"Publication of the Institute for Forest Policy and Forest Economics of the Forestry Research Station at Munich." 0aForests and forestry